Использование материалов BBC News как фактор повышения учебной мотивации студентов; Прикладная филология и инженерное образование

מידע ביבליוגרפי
Parent link:Прикладная филология и инженерное образование.— 2005.— С. 52-53.
מחבר ראשי: Верхотуров А. В.
שפה:רוסית
יצא לאור: 2005
נושאים:
פורמט: Book Chapter
KOHA link:https://koha.lib.tpu.ru/cgi-bin/koha/opac-detail.pl?biblionumber=78218

MARC

LEADER 00000naa2a2200000 4500
001 78218
005 20231031093743.0
035 |a (RuTPU)RU\TPU\book\83831 
090 |a 78218 
100 |a 20050614d2005 k y0rusy50 ca 
101 0 |a rus 
102 |a RU 
200 1 |a Использование материалов BBC News как фактор повышения учебной мотивации студентов  |f А. В. Верхотуров 
463 0 |0 (RuTPU)RU\TPU\book\80646  |t Прикладная филология и инженерное образование  |o III международная научно-практическая конференция, Томск, 18-21 января 2005 г.  |o рабочие материалы  |f Томский политехнический университет; Институт языковой коммуникации; Прикладная филология и инженерное образование. Международная научно-практическая конференция  |v С. 52-53.  |d 2005  |p 199 с. 
610 1 |a студенты 
610 1 |a мотивация 
610 1 |a обучение 
610 1 |a иностранные языки 
610 1 |a языковая подготовка 
610 1 |a средства обучения 
610 1 |a видеоматериалы 
610 1 |a BBC News 
610 1 |a труды учёных ТПУ 
700 1 |a Верхотуров  |b А. В. 
801 1 |a RU  |b 63413507  |c 20050614  |g PSBO 
942 |c BK